The necklace of Princess Fiorimonde and other stories
| Main Author: | |
|---|---|
| Other Authors: | |
| Format: | Book |
| Published: |
London :
Hutchinson Children's Books ,
1990
|
| Subjects: |
MARC
| LEADER | 00000cam a2200000 7i4500 | ||
|---|---|---|---|
| 001 | 0000008682 | ||
| 002 | 000009461 | ||
| 005 | 20000330.0 | ||
| 020 | |a 0091740770 | ||
| 090 | 0 | 0 | |a JF |b DEM |
| 100 | 1 | |a de Morgan, Mary | |
| 245 | 1 | 4 | |a The necklace of Princess Fiorimonde and other stories |c Mary de Morgan ; illustrated by Sylvie Monti |
| 260 | |a London : |b Hutchinson Children's Books , |c 1990 | ||
| 300 | |a 95p. : |b ill. ; |c 26cm. | ||
| 650 | 0 | 0 | |a Children's stories |
| 700 | 1 | |a Monti, Sylvie , |e illustrated | |
| 999 | |a 032314 |b BUKU |c PINJAMAN |e PERPUSTAKAAN KOMUNITI PETALING JAYA | ||